| 000 | 01431nam a22002177a 4500 | ||
|---|---|---|---|
| 003 | IT-MiCISF | ||
| 005 | 20251121131337.0 | ||
| 008 | 251121b |||||||| |||| 00| 0 eng d | ||
| 020 | _a9788817187664 | ||
| 040 | _cIT-MiCISF | ||
| 041 | _ait | ||
| 100 |
_aCirillo Severino, Denti Claudia _962119 |
||
| 245 |
_aImpara a dire no. _bPer crescere figli felici |
||
| 260 |
_aMilano, _bRizzoli, _c2024 |
||
| 300 | _app. 223 | ||
| 500 | _agenitorialità, educazione-genitori, nuovi-media, esperienze, comportamento, filosofia | ||
| 520 | _aNo alle scorciatoie educative, no ai compromessi, no a tutte quelle soluzioni che nel tempo sappiamo di non poter sostenere. Saper dire no significa capire non solo quando e come è necessario farlo, ma anche quando invece è meglio dare più peso al sì, e alla libertà. Significa adottare un progetto educativo che rispetti tutte le parti in causa e sia in grado di preparare i nostri bambini ad affrontare la complessità del mondo in cui viviamo. La sintesi di questo metodo è la disciplina UMAMI, che si basa sui principi di Unicità, Maturità, Autenticità, Meraviglia e Indipendenza, concentrandosi prima di tutto sul genitore: soltanto un padre e una madre che avranno fatto propri questi valori riusciranno a trasmetterli ai figli e sapranno rispondere alle loro esigenze aiutandoli a crescere felici. | ||
| 650 | _aGenitorialità | ||
| 654 | _asaggio | ||
| 942 |
_2ddc _cBK |
||
| 999 |
_c360504 _d360504 |
||